musique de Michael Jackson avec 500 millions d'écoutes - Statistiques

Statistiques générales
  • Ce quiz a été pris 96 fois
  • Le résultat moyen est 9 sur 15
Statistiques - réponses
nombre d'écoutes musique % Correct
908 300 000 Thriller
99%
1 788 000 000 Beat It
95%
2 762 000 000 Billie Jean
95%
535 800 000 Bad
92%
1 124 800 000 Smooth Criminal
81%
629 700 000 They Don't Care About Us
66%
506 000 000 Black or White
62%
904 800 000 Rock with You
54%
790 000 000 Don't Stop 'Til You Get Enough
53%
653 200 000 Chicago
49%
630 000 000 P.Y.T (Pretty Young Thing)
45%
561 600 000 Remember the Time
44%
638 500 000 Man in the Mirror
42%
759 400 000 The Way You Make me Feel
39%
1 186 200 000 I Want You Back
25%
Aucun quiz correspondant
Distribution des résultats
% des personnes avec chaque résultat
Percentile par nombre de réponses
Votre historique - résultats
Vous n’avez pas pris ce quiz